000 01086cab a22002655a 4500
001 L159394
008 170130e2012 xxk 000 0 eng d
020 _a9780754547754
035 _a(Sirsi) u159394
041 0 _aeng
050 0 4 _a658.15
100 1 _aBowes, David
245 0 0 _aTolley's practical share and business valuation
250 _a2 ed
260 _aLondon
_bTolleyc2012
300 _axxii, 507p
_c25cm
520 _aProvides a sound basis for understanding the fundamentals of valuation of shares, businesses and intangible assets whether for tax, commercial or financial reporting purposes. Looks at valuer's liability, methods of analysis, mechanics of valuation. Explains fiscal and non-fiscal valuation comparing the two approaches, intangibles and international valuation issues. Considers the role of the expert witness and carrying out valuations for accounts purposes.
590 _aKA
650 2 4 _aINTANGIBLES
650 2 4 _aSHARES
650 2 4 _aBUSINESS VALUATIONS
651 4 _aUnited Kingdom
_y
690 _aValuation
_96273
942 _n0
999 _c115862
_d115862